000 00519cam a2200205 4500
008 090401t1990 xxu||||| |||| 00| 0 eng d
020 _a1853800171
035 _a(Sirsi) u39743
041 _aeng
050 _a690
100 _aHarper, Denis R
245 _aBuilding : the process and the product
250 _a2nd ed.
260 _aAscot,Berks
_bChartered Institute of Building
_c1990
300 _a414p. : ill. ; 30cm.
350 _a15
650 _aBUILDING INDUSTRY
942 _n0
948 _c04/03/1997
999 _c90836
_d90836